| Tag |
First Indicator |
Second Indicator |
Subfields |
| LEADER |
00000cam a2200000 a 4500 |
| 001 |
in00001702439 |
| 005 |
20151024160038.0 |
| 008 |
980714s1998 gw a b 000 0 ger d |
| 010 |
|
|
|a 98170353
|
| 020 |
|
|
|a 3484231432
|
| 035 |
|
|
|a (OCoLC)ocm39058825
|
| 040 |
|
|
|a NYP
|c DLC
|d TXA
|d UtOrBLW
|
| 042 |
|
|
|a lccopycat
|
| 043 |
|
|
|a e-gx---
|
| 049 |
|
|
|a TXAM
|
| 050 |
0 |
0 |
|a PF5014
|b .B37 1998
|
| 082 |
0 |
0 |
|a 306.44
|2 21
|
| 100 |
1 |
|
|a Barden, Birgit.
|
| 245 |
1 |
0 |
|a Sprachliche Akkommodation und sozial Integration :
|b sächsische Übersiedler und Übersiedlerinnen im rhein-/moselfränkischen und alemannischen Sprachraum /
|c Birgit Barden, Beate Grosskopf.
|
| 264 |
|
1 |
|a Tübingen :
|b Niemeyer,
|c 1998.
|
| 300 |
|
|
|a xi, 404 pages :
|b illustrations ;
|c 24 cm.
|
| 336 |
|
|
|a text
|b txt
|2 rdacontent
|
| 337 |
|
|
|a unmediated
|b n
|2 rdamedia
|
| 338 |
|
|
|a volume
|b nc
|2 rdacarrier
|
| 490 |
1 |
|
|a Phonai,
|x 0939-5024 ;
|v Bd. 43
|
| 504 |
|
|
|a Includes bibliographical references (pages [351]-358).
|
| 650 |
|
0 |
|a German language
|x Dialects
|x Social aspects.
|
| 650 |
|
0 |
|a Social integration
|z Germany.
|
| 700 |
1 |
|
|a Grosskopf, Beate.
|
| 830 |
|
0 |
|a Phonai.
|x 0939-5024 ;
|v Bd. 43.
|
| 948 |
|
|
|a cataloged
|b h
|c 2002/10/3
|d c
|e dmitchel
|f 3:14:08 pm
|
| 994 |
|
|
|a E0
|b TXA
|
| 999 |
|
|
|a MARS
|
| 999 |
f |
f |
|s 4073236b-594d-3306-a290-6a28abfac368
|i 1bcf49c0-0114-3dce-a18b-8fc48277cd63
|t 0
|
| 952 |
f |
f |
|p ric
|a Texas A&M University
|b Rellis Campus
|c Joint Library Facility
|d Remote Storage
|t 0
|e PF5014 .B37 1998
|h Library of Congress classification
|i unmediated -- volume
|m A14829158704
|
| 998 |
f |
f |
|a PF5014 .B37 1998
|t 0
|l Remote Storage
|